| 000 | 00675nam a2200205Ia 4500 | ||
|---|---|---|---|
| 003 | GCL | ||
| 008 | 140319s9999 xx 000 0 ara d | ||
| 040 |
_aGCL / _cGCL |
||
| 082 | 0 | 4 |
_a352.16 _bع م |
| 100 | 1 |
_aعبدالفتاح مراد _vReviewer _@ _٠راجع |
|
| 245 | 1 | 0 |
_aالمدن و القرى الذكية / _cعبدالفتاح مراد |
| 250 | _aالاولى | ||
| 260 |
_aالقاهرة : _bعبدالفتاح مراد |
||
| 300 |
_a440 ص ؛ _c25 سم |
||
| 650 | 0 | 4 | _aتخطيط المدن |
| 650 | 0 | 4 | _aالذكاء الاصطناعى |
| 650 | 0 | 4 | _aالتجارة الالكترونية |
| 650 | 0 | 4 | _aالقرى الذكية |
| 942 |
_2ddc _cBK |
||
| 999 |
_c6031 _d6031 |
||